A supply chain management guide to business continuity / (Record no. 20610)
[ view plain ]
| 000 -LEADER | |
|---|---|
| fixed length control field | 01272cam a22002535a 4500 |
| 001 - CONTROL NUMBER | |
| control field | 16211415 |
| 005 - DATE AND TIME OF LATEST TRANSACTION | |
| control field | 20150819125650.0 |
| 008 - FIXED-LENGTH DATA ELEMENTS--GENERAL INFORMATION | |
| fixed length control field | 100430s2011 nyua 001 0 eng |
| 020 ## - INTERNATIONAL STANDARD BOOK NUMBER | |
| International Standard Book Number | 9780814416457 |
| 020 ## - INTERNATIONAL STANDARD BOOK NUMBER | |
| International Standard Book Number | 0814416454 |
| 040 ## - CATALOGING SOURCE | |
| Transcribing agency | DLC |
| Modifying agency | YDXCP |
| -- | IAD |
| -- | CDX |
| -- | BWX |
| -- | SINLB |
| -- | DLC |
| -- | EG-ScBUE |
| Language of cataloging | eng |
| 050 00 - LIBRARY OF CONGRESS CALL NUMBER | |
| Classification number | HD38.5 |
| Item number | .K476 2011 |
| 082 04 - DEWEY DECIMAL CLASSIFICATION NUMBER | |
| Classification number | 658.16 |
| Edition number | 22 |
| Item number | KIL |
| 100 1# - MAIN ENTRY--PERSONAL NAME | |
| Personal name | Kildow, Betty A. |
| 9 (RLIN) | 38370 |
| 245 12 - TITLE STATEMENT | |
| Title | A supply chain management guide to business continuity / |
| Statement of responsibility, etc | Betty A. Kildow. |
| 260 ## - PUBLICATION, DISTRIBUTION, ETC. (IMPRINT) | |
| Place of publication, distribution, etc | New York : |
| Name of publisher, distributor, etc | American Management Association, |
| Date of publication, distribution, etc | c.2011. |
| 300 ## - PHYSICAL DESCRIPTION | |
| Extent | xxii, 266 p. : |
| Other physical details | ill. ; |
| Dimensions | 24 cm. |
| 500 ## - GENERAL NOTE | |
| General note | Appendix : p. 201-248.<br/> |
| 500 ## - GENERAL NOTE | |
| General note | Index : p. 294-266. |
| 505 0# - FORMATTED CONTENTS NOTE | |
| Formatted contents note | Business continuity basics -- The business continuity program : who owns it, what drives it? -- Business continuity best practices -- The organization, the supply chain, and business continuity -- Risk identification and hazard assessment -- The business impact analysis -- Supply chain business continuity strategies -- Business continuity plan documents -- Testing and maintaining business continuity plans -- Business continuity standards, regulations, and requirements. |
| 650 #7 - SUBJECT ADDED ENTRY--TOPICAL TERM | |
| Topical term or geographic name as entry element | Business logistics. |
| Source of heading or term | BUEsh |
| 9 (RLIN) | 31004 |
| 653 ## - INDEX TERM--UNCONTROLLED | |
| Resource For college | BAEPS, Business Administration |
| Arrived date list | August2015 |
| 942 ## - ADDED ENTRY ELEMENTS (KOHA) | |
| Source of classification or shelving scheme | Dewey Decimal Classification |
| Withdrawn status | Lost status | Source of classification or shelving scheme | Damaged status | Not for loan | Koha collection | Home library | Current library | Shelving location | Date acquired | Source of acquisition | Cost, normal purchase price | Serial Enumeration / chronology | Total Checkouts | Full call number | Barcode | Date last seen | Cost, replacement price | Koha item type |
|---|---|---|---|---|---|---|---|---|---|---|---|---|---|---|---|---|---|---|
| Dewey Decimal Classification | Baccah | Central Library | Central Library | First floor | 19/08/2015 | 280.00 | 21758 | 658.16 KIL | 000030824 | 15/07/2025 | 350.00 | Book - Borrowing |